Využitie a ochrana zemských zdrojov. : Dočasné vysokoškolské texty. (Skriptá). /

Uložené v:
Podrobná bibliografia
Hlavný autor: Rybár, Pavol (Author)
Médium: Kniha
Jazyk:Slovak
Vydané: Košice : Elfa, spol. s r.o., 1999
Vydanie:1. vyd.
Témy:
ISBN: 8088964334 (brož.)
Fyzický popis: 103 s.
Tagy: Pridať tag
Žiadne tagy, Buďte prvý kto otaguje tento záznam!

MARC

LEADER 00000nam a2200000 a 4500
001 000058366
003 SVKK
005 20000505000000.0
008 000320s1999 xo e sloo
020 |a 8088964334 (brož.) 
040 |a SVKKK  |b slo  |c SVKKK  |e AACR2 
041 0 |a slo 
044 |a xo  |c SK 
080 |a 553.3/.9(075.8)  |2 1997 
100 1 |a Rybár, Pavol  |4 aut 
245 1 0 |a Využitie a ochrana zemských zdrojov. :  |b Dočasné vysokoškolské texty. (Skriptá). /  |c Pavol Rybár...[et al.] 
250 |a 1. vyd. 
260 |a Košice :  |b Elfa, spol. s r.o.,  |c 1999 
300 |a 103 s. 
653 0 |a ložiská nerastné  |2 SVKKKPH 
653 0 |a zdroje zemské  |2 SVKKKPH 
653 0 |a ochrana  |2 SVKKKPH 
653 0 |a využitie  |2 SVKKKPH 
653 0 |a učebnice VŠ  |2 SVKKKPH 
655 7 |a učebnice vysokých škôl  |2 SVKKKPH 
910 |a svkkk 
919 |a 80-88964-33-4 
974 |a UH  |d 20000502 
974 |a KL  |d 20000428 
974 |a MI  |d 20000505 
998 |a BK 
090 |g SCKHL  |k Sklad Pribinova 3. posch.  |a V.205042  |j 931809  |i 2720058273  |4 Multiplikát  |s Vyradená 
090 |g SCKHL  |k Sklad Pribinova 3. posch.  |a V.205043  |j 931810  |i 2720070716  |4 Multiplikát  |s Vyradená 
090 |g SCKHL  |k Sklad Pribinova 3. posch.  |a V.205044  |j 931811  |i 2720151057  |4 Multiplikát  |s Vyradená 
090 |g SCKHL  |k Sklad Pribinova 3. posch.  |a V.205045  |j 931812  |i 2720150500  |s Absenčne 
090 |g SCKHL  |k Sklad Pribinova 3. posch.  |a V.205046  |j 931813  |i 2720786468  |s Absenčne